| 000 | 00677nam a2200217 u 4500 | ||
|---|---|---|---|
| 005 | 20241130063753.0 | ||
| 008 | 150325s2001 r 000 0 eng d | ||
| 020 | _a843624074X | ||
| 035 | _aUPN01000202767 | ||
| 049 | _aCG | ||
| 050 | 4 |
_aLB2822.5 _bC6.6 |
|
| 245 | 0 | 0 |
_aConsensos y conflictos en los centros docentes no universitarios / _cMarisa García de Cortázar Nebreda ... [et al.]. |
| 260 |
_aMadrid : _bUNED, _c2001. |
||
| 300 | _a197 p. | ||
| 440 | 0 | _aVaria | |
| 650 | 4 |
_aEscuelas _xDirección y organización _9346 |
|
| 650 | 4 |
_aOrganización escolar _94178 |
|
| 700 | 1 |
_aGarcía de Cortázar Nebreda, Marisa, _ecoaut. |
|
| 905 | _aLibro | ||
| 999 |
_c174868 _d174868 |
||